000 00438nam a2200157Ia 4500
008 120926t2003 xxu||||| |||| 00| 0 sin d
041 _asin
080 _aX8 S 3 (Youth)
_bPON
245 _aතුන් යහළු වික්‍රමය
246 _aThun Yahalu Wikramaya
260 _aSubha Publishers
_aPannipitiya
_c2003
300 _b95p, ill, 18 cm
942 _cBK
999 _c43184
_d43184
003 LK-CoDNM
040 _aLK-CoDNM
_dLK-CoDNM
_eLK-CoDNM